000
00264nam a2200109Ia 4500
001
1265133
005
20260417142018.0
008
260417s9999 xx 000 0 und d
020
_a
9786051418537
245
0
_a
Toprak
_c
Buket Uzuner
260
_b
Everest Yayınları
999
_c
1265133
_d
1265133